000 00511nam a2200181Ia 4500
008 220216s9999 xx 000 0 und d
100 _aFritzsche J
245 0 _aSimulation of the internal sample temperature of rubber components during cyclic deformation
260 _bKautschuk Gummi Kunststoffe
_c2011
300 _a44-51
650 _aAging
650 _aEnergy dissipation
650 _aFatigue
650 _aHeat buil up
650 _aTemperature simulation
700 _aKluppel M
942 _cJS
999 _c68732
_d68732